Tous les départements ayant un Clermont - Statistiques

Statistiques générales
  • Ce quiz a été pris 25 fois
  • Le résultat moyen est 9 sur 14
Statistiques - réponses
Commune Département % Correct
Clermont-Ferrand Puy-de-Dôme
100%
Clermont-l'Hérault Hérault
95%
Clermont(-en-Beauvaisis) Oise
86%
Clermont(-en-Genevois) Haute-Savoie
82%
Clermont-sur-Lauquet Aude
64%
Clermont-les-Fermes Aisne
59%
Clermont-Pouyguillès Gers
59%
Clermont Landes
59%
Clermont-Dessous Lot-et-Garonne
59%
Clermont-en-Argonne Meuse
59%
Clermont Ariège
55%
Clermont-le-Fort Haute-Garonne
50%
Clermont-d'Excideuil Dordogne
45%
Clermont-Créans Sarthe
41%
Aucun quiz correspondant
Distribution des résultats
% des personnes avec chaque résultat
Percentile par nombre de réponses
Votre historique - résultats
Vous n’avez pas pris ce quiz